000 00215 a2200109 4500
020 _a9780590463423
041 _aspa
100 _aCole, Joanna
245 _aEn el interior de la Tierra
942 _cBK
952 _74
999 _c19661
_d19661